| 000 | 00750naa a2200205 4500 | ||
|---|---|---|---|
| 001 | 216219759 | ||
| 003 | UA-OsUOA | ||
| 005 | 20201201112810.0 | ||
| 008 | 201201b un ||||| |||| 00| 0 ukr d | ||
| 040 |
_aUA-OsUOA _bukr _cUA-OsUOA _dUA-OsUOA |
||
| 041 | _aukr | ||
| 080 | _a908 | ||
| 090 | _a908 | ||
| 100 | _aБондарчук В. О. | ||
| 245 |
_aДослідницькі студії "Апокрисиса" Христофора Філалета _cВ. О. Бондарчук |
||
| 300 | _aС. 74–84 | ||
| 650 | _2UDC | ||
| 773 | 0 |
_0388702 _9411905 _dОстрог НаУОА 2011 _o143445 _tНаукові записки. Серія "Історичне релігієзнавство" _w(UA-OsUOA) 102531 _z966-7631-79-6 |
|
| 942 |
_2udc _cBKA |
||
| 999 |
_c463954 _d463954 |
||